An Analysis of Factors Affecting the Profits of New Firms in Spain: Evidence from the Food Industry
Vplyv finančných faktorov na dosahovanie zisku pre nové firmy v španielskom potravinárskom priemysle. Účinné marketingové stratégie pre nové firmy - zväčšovanie veľkosti firmy s cieľom dosiahnuť efektívnosť z rozsahu a používanie stratégie nízkych cien s vysokou rotáciou aktív na získanie podielu na...
Salvato in:
| Autore principale: | |
|---|---|
| Altri autori: | |
| Natura: | Capitolo di libro |
| Lingua: | inglese |
| Soggetti: | |
| Tags: |
Nessun Tag, puoi essere il primo ad aggiungerne!!
|
MARC
| LEADER | 00000naa a2200000 4500 | ||
|---|---|---|---|
| 001 | 0283197 | ||
| 005 | 20220420091627.7 | ||
| 041 | 0 | |a eng | |
| 044 | |a CZ | ||
| 245 | 1 | 0 | |a An Analysis of Factors Affecting the Profits of New Firms in Spain: Evidence from the Food Industry |c Yehui Tong, Ramon Saladrigues |
| 520 | |a Vplyv finančných faktorov na dosahovanie zisku pre nové firmy v španielskom potravinárskom priemysle. Účinné marketingové stratégie pre nové firmy - zväčšovanie veľkosti firmy s cieľom dosiahnuť efektívnosť z rozsahu a používanie stratégie nízkych cien s vysokou rotáciou aktív na získanie podielu na trhu. | ||
| 610 | 2 | 0 | |a priemysel potravinársky |
| 610 | 2 | 0 | |a start-up |
| 610 | 2 | 0 | |a firmy |
| 610 | 2 | 0 | |a zisk |
| 610 | 2 | 0 | |a stratégia marketingová |
| 610 | 2 | 0 | |a Španielsko |
| 100 | 1 | |a Tong, Yehui | |
| 700 | 1 | |a Saladrigues, Ramon | |